[Event "Olimpiada de Khanty-Mansiysk 2010"]
[Site "Khanty-Mansiysk RUS"]
[Date "2010.09.25"]
[Round "5"]
[White "Mazara, Adan"]
[Black "Wassin, Sergej"]
[Result "1/2-1/2"]
[WhiteElo "2262"]
[BlackElo "2295"]
[PlyCount "72"]
[EventDate "2010.09.21"]
[EventType "team"]
[EventRounds "11"]
[EventCountry "RUS"]
[Source "lmi"]
[SourceDate "2010.09.21"]
[WhiteTeam "República Dominicana"]
[BlackTeam "IBC"]
[WhiteTeamCountry "DOM"]

1. d4 Nf6 2. c4 c5 3. d5 b5 4. cxb5 a6 5. bxa6 g6 6. Nc3 Bxa6 7. g3 d6 8. Bg2
Bg7 9. Nf3 Nbd7 10. Rb1 O-O 11. O-O Ra7 12. b3 Qa8 13. Qd2 Rb8 14. Rd1 Rab7 15.
Qc2 Ne8 16. Bg5 h6 17. Bf4 c4 18. Nd4 cxb3 19. axb3 Nc7 20. Nc6 Re8 21. h4 Nb5
22. Nxb5 Bxb5 23. Qd2 h5 24. Rdc1 Rb6 25. Bh6 Bf6 26. Bg5 Ra6 27. Bxf6 Nxf6 28.
Bf3 Qb7 29. Ra1 Rea8 30. Rxa6 Rxa6 31. Qe3 e5 32. Qc3 Kg7 33. Ra1 Nxd5 34. Bxd5
Rxa1+ 35. Qxa1 Bxc6 36. Bxc6 Qxc6 1/2-1/2

[Event "Olimpiada de Khanty-Mansiysk 2010"]
[Site "Khanty-Mansiysk RUS"]
[Date "2010.09.25"]
[Round "5"]
[White "Astaneh Lopez, Alex"]
[Black "Tsang, Hon Ki"]
[Result "1-0"]
[WhiteElo "2393"]
[BlackElo "2085"]
[PlyCount "73"]
[EventDate "2010.09.21"]
[EventType "team"]
[EventRounds "11"]
[EventCountry "RUS"]
[Source "lmi"]
[SourceDate "2010.09.21"]
[WhiteTeam "Irlanda"]
[BlackTeam "Hong Kong"]
[WhiteTeamCountry "IRL"]
[BlackTeamCountry "HKG"]

1. Nf3 Nf6 2. g3 b5 3. Bg2 Bb7 4. d3 e6 5. e4 Be7 6. O-O O-O 7. Re1 c5 8. c4
bxc4 9. e5 Nd5 10. dxc4 Nb6 11. Qd3 d5 12. exd6 Qxd6 13. Qc2 Nc6 14. Bf4 Qd7
15. Rd1 Nd4 16. Nxd4 cxd4 17. Bxb7 Qxb7 18. Be5 Rfd8 19. Bxd4 e5 20. Bxb6 Rxd1+
21. Qxd1 Qxb6 22. Qe2 Rc8 23. Nc3 Qd4 24. Nd5 Bg5 25. Rd1 Qxc4 26. Qxe5 h6 27.
h4 Bxh4 28. Ne3 Qxa2 29. gxh4 Qa4 30. Rd4 Rc1+ 31. Kh2 Qa2 32. Nf5 f6 33. Qe7
Rh1+ 34. Kxh1 Qb1+ 35. Kg2 Qxf5 36. Qe8+ Kh7 37. Qe4 1-0

[Event "Olimpiada de Khanty-Mansiysk 2010"]
[Site "Khanty-Mansiysk RUS"]
[Date "2010.09.25"]
[Round "5"]
[White "Borigas, Edgardo"]
[Black "Heidenfeld, Mark"]
[Result "0-1"]
[WhiteElo "2005"]
[BlackElo "2360"]
[PlyCount "78"]
[EventDate "2010.09.21"]
[EventType "team"]
[EventRounds "11"]
[EventCountry "RUS"]
[Source "lmi"]
[SourceDate "2010.09.21"]
[WhiteTeam "Hong Kong"]
[BlackTeam "Irlanda"]
[WhiteTeamCountry "HKG"]
[BlackTeamCountry "IRL"]

1. e4 e5 2. Nf3 Nc6 3. Bb5 a6 4. Ba4 Nf6 5. d3 Bc5 6. O-O b5 7. Bb3 d6 8. Bg5
h6 9. Bh4 g5 10. Bg3 Bg4 11. Nbd2 Ne7 12. a4 Kf8 13. axb5 axb5 14. Rxa8 Qxa8
15. Qa1 Kg7 16. h3 Bd7 17. c3 Nh5 18. d4 Nxg3 19. fxg3 Qxa1 20. Rxa1 Bb6 21. g4
Nc6 22. Bd5 exd4 23. c4 Nb4 24. cxb5 Nxd5 25. exd5 Bxb5 26. Nb3 Re8 27. Nbxd4
Re4 28. Kh2 Bxd4 29. Rc1 Be2 30. b4 Bxf3 31. gxf3 Be5+ 32. Kg2 Rxb4 33. Rxc7
Rb2+ 34. Kf1 Rd2 35. Ke1 Bf4 36. h4 Rxd5 37. Rc4 Bg3+ 38. Ke2 gxh4 39. f4 h3
0-1

[Event "Olimpiada de Khanty-Mansiysk 2010"]
[Site "Khanty-Mansiysk RUS"]
[Date "2010.09.25"]
[Round "5"]
[White "Daly, Colm"]
[Black "Kuan, Julian"]
[Result "1-0"]
[WhiteElo "2277"]
[BlackElo "1760"]
[PlyCount "75"]
[EventDate "2010.09.21"]
[EventType "team"]
[EventRounds "11"]
[EventCountry "RUS"]
[Source "lmi"]
[SourceDate "2010.09.21"]
[WhiteTeam "Irlanda"]
[BlackTeam "Hong Kong"]
[WhiteTeamCountry "IRL"]
[BlackTeamCountry "HKG"]

1. Nf3 c5 2. c4 g6 3. Nc3 Bg7 4. e3 Nc6 5. d4 cxd4 6. exd4 d6 7. h3 Nf6 8. Be2
O-O 9. d5 Nb8 10. O-O Nbd7 11. Re1 a5 12. Bf1 Nc5 13. Bg5 h6 14. Bf4 Re8 15.
Qd2 Kh7 16. Rad1 a4 17. Nd4 Nfd7 18. Rb1 Ne5 19. b4 axb3 20. axb3 Bd7 21. b4
Na4 22. Nxa4 Rxa4 23. Be3 g5 24. c5 dxc5 25. bxc5 Qa8 26. Nb5 Ra2 27. Qd1 Qa5
28. Bd4 Ng6 29. Bxg7 Kxg7 30. Qd4+ Kg8 31. Nc3 Ra3 32. Re3 Rb8 33. c6 Bf5 34.
Rxb7 Rxb7 35. cxb7 Rb3 36. Nb5 Rxb5 37. Bxb5 Qxb5 38. Qa7 1-0

[Event "Olimpiada de Khanty-Mansiysk 2010"]
[Site "Khanty-Mansiysk RUS"]
[Date "2010.09.25"]
[Round "5"]
[White "Chan, Kwai Keong"]
[Black "Fitzsimons, David"]
[Result "0-1"]
[WhiteElo "1844"]
[BlackElo "2229"]
[PlyCount "98"]
[EventDate "2010.09.21"]
[EventType "team"]
[EventRounds "11"]
[EventCountry "RUS"]
[Source "lmi"]
[SourceDate "2010.09.21"]
[WhiteTeam "Hong Kong"]
[BlackTeam "Irlanda"]
[WhiteTeamCountry "HKG"]
[BlackTeamCountry "IRL"]

1. d4 Nf6 2. c4 c5 3. Nf3 cxd4 4. Nxd4 b6 5. Nc3 Bb7 6. Bg5 e6 7. Qd3 d6 8. Rd1
a6 9. e4 Nbd7 10. f3 Be7 11. Be2 Rc8 12. b3 O-O 13. O-O Qc7 14. Rc1 Qb8 15. Kh1
Rfe8 16. Bh4 Bd8 17. Bg3 Nh5 18. Bf2 Nf4 19. Qd2 Nxe2 20. Ndxe2 Bc7 21. Ng3 Nf6
22. Rfd1 Rcd8 23. Bd4 Nd7 24. Qg5 f6 25. Qg4 Re7 26. Nh5 Rf8 27. Ne2 Qe8 28.
Nef4 g6 29. Ng3 Ne5 30. Qh3 g5 31. Nfe2 Qg6 32. Bxe5 dxe5 33. Qh5 Kg7 34. Qxg6+
Kxg6 35. h3 Rff7 36. c5 bxc5 37. Rxc5 Rd7 38. Rdc1 Bb6 39. R5c4 a5 40. R4c3 Rd2
41. R3c2 Rfd7 42. Rxd2 Rxd2 43. Nc3 h5 44. Na4 Bf2 45. Nc5 Bxc5 46. Rxc5 h4 47.
Nf5 exf5 48. exf5+ Kxf5 49. Rxa5 Kf4 0-1

[Event "Olimpiada de Khanty-Mansiysk 2010"]
[Site "Khanty-Mansiysk RUS"]
[Date "2010.09.25"]
[Round "5"]
[White "Salem, A R  Saleh"]
[Black "Zhang, Zhong"]
[Result "1/2-1/2"]
[WhiteElo "2501"]
[BlackElo "2582"]
[PlyCount "55"]
[EventDate "2010.09.21"]
[EventType "team"]
[EventRounds "11"]
[EventCountry "RUS"]
[Source "lmi"]
[SourceDate "2010.09.21"]
[WhiteTeam "Emiratos Arabes Unidos"]
[BlackTeam "Singapur"]
[WhiteTeamCountry "UAE"]
[BlackTeamCountry "SIN"]

1. d4 d5 2. c4 c6 3. Nc3 Nf6 4. e3 a6 5. Qc2 e6 6. Nf3 c5 7. a3 dxc4 8. Bxc4 b5
9. Ba2 Nbd7 10. O-O Bb7 11. Rd1 cxd4 12. exd4 Nb6 13. Bg5 Be7 14. d5 exd5 15.
Nd4 h6 16. Bh4 g6 17. Re1 Kf8 18. Re6 Nc8 19. Rae1 Ne4 20. Bxe7+ Nxe7 21. Nxe4
dxe4 22. Qc5 Rc8 23. Qe5 Rh7 24. Rd6 Qe8 25. Rb6 Qd7 26. Rd6 Qe8 27. Rb6 Qd7
28. Rd6 1/2-1/2

[Event "Olimpiada de Khanty-Mansiysk 2010"]
[Site "Khanty-Mansiysk RUS"]
[Date "2010.09.25"]
[Round "5"]
[White "Fernandez, Daniel Howard"]
[Black "AlHuwar, Jasem"]
[Result "0-1"]
[WhiteElo "2371"]
[BlackElo "2265"]
[PlyCount "134"]
[EventDate "2010.09.21"]
[EventType "team"]
[EventRounds "11"]
[EventCountry "RUS"]
[Source "lmi"]
[SourceDate "2010.09.21"]
[WhiteTeam "Singapur"]
[BlackTeam "Emiratos Arabes Unidos"]
[WhiteTeamCountry "SIN"]
[BlackTeamCountry "UAE"]

1. e4 e6 2. Nf3 d5 3. e5 c5 4. Nc3 Nc6 5. Bb5 Bd7 6. O-O Qc7 7. Re1 Nh6 8. d4
Nf5 9. dxc5 Bxc5 10. Bd3 Nfd4 11. Nxd4 Nxd4 12. Qg4 g6 13. Bg5 Qb6 14. Rab1 Nf5
15. Qf4 Qb4 16. Qxb4 Bxb4 17. Bf6 Rg8 18. Nb5 Bxb5 19. Bxb5+ Kf8 20. c3 Be7 21.
Bxe7+ Kxe7 22. Rbd1 Rgd8 23. Bd3 Rac8 24. g3 Kf8 25. Rd2 Ne7 26. f4 Nc6 27. Kf2
Na5 28. Rc2 Rc7 29. Ke3 Rdc8 30. g4 Nc6 31. Rf2 a6 32. h4 b5 33. Rh1 h6 34. a4
Rb7 35. Ra1 Kg7 36. Rff1 Rd8 37. axb5 axb5 38. Ra6 Rc8 39. Rfa1 b4 40. Ra8 Rxa8
41. Rxa8 bxc3 42. bxc3 g5 43. hxg5 hxg5 44. Ra6 gxf4+ 45. Kxf4 Ne7 46. Ra3 Ng6+
47. Bxg6 Kxg6 48. Ke3 Rc7 49. Kd3 Rc4 50. Ra1 Re4 51. Rf1 Rxe5 52. Rf4 f6 53.
c4 Kg5 54. Rd4 dxc4+ 55. Kxc4 Re3 56. Kc5 Rg3 57. Re4 e5 58. Kd5 Rxg4 59. Re1
Kf5 60. Kd6 Rd4+ 61. Ke7 e4 62. Ra1 Ke5 63. Ra6 f5 64. Re6+ Kf4 65. Kf6 Ra4 66.
Kg6 e3 67. Kh5 Re4 0-1

[Event "Olimpiada de Khanty-Mansiysk 2010"]
[Site "Khanty-Mansiysk RUS"]
[Date "2010.09.25"]
[Round "5"]
[White "Omar Noaman, Ali Ali"]
[Black "Chan, Wei Xuan Timothy"]
[Result "1/2-1/2"]
[WhiteElo "2220"]
[BlackElo "2338"]
[PlyCount "43"]
[EventDate "2010.09.21"]
[EventType "team"]
[EventRounds "11"]
[EventCountry "RUS"]
[Source "lmi"]
[SourceDate "2010.09.21"]
[WhiteTeam "Emiratos Arabes Unidos"]
[BlackTeam "Singapur"]
[WhiteTeamCountry "UAE"]
[BlackTeamCountry "SIN"]

1. d4 Nf6 2. c4 e6 3. Nf3 b6 4. g3 Ba6 5. Qc2 Bb7 6. Bg2 c5 7. d5 exd5 8. cxd5
Nxd5 9. O-O Be7 10. Qe4 Bc6 11. Ne5 O-O 12. Nxc6 dxc6 13. Nc3 Nxc3 14. bxc3 Bf6
15. Qc2 Qc8 16. Bf4 Nd7 17. Rad1 Ne5 18. Rd6 Rd8 19. Rxd8+ Qxd8 20. Bxe5 Bxe5
21. Bxc6 Rc8 22. Be4 1/2-1/2

[Event "Olimpiada de Khanty-Mansiysk 2010"]
[Site "Khanty-Mansiysk RUS"]
[Date "2010.09.25"]
[Round "5"]
[White "Chua, Zheng Yuan Terry"]
[Black "Abdulwahab, Marwan"]
[Result "1-0"]
[WhiteElo "2280"]
[BlackElo "2089"]
[PlyCount "77"]
[EventDate "2010.09.21"]
[EventType "team"]
[EventRounds "11"]
[EventCountry "RUS"]
[Source "lmi"]
[SourceDate "2010.09.21"]
[WhiteTeam "Singapur"]
[BlackTeam "Emiratos Arabes Unidos"]
[WhiteTeamCountry "SIN"]
[BlackTeamCountry "UAE"]

1. e4 c5 2. Nf3 e6 3. c4 Nc6 4. Nc3 e5 5. Nd5 d6 6. Be2 Be7 7. b4 Nf6 8. b5
Nxd5 9. exd5 Nb8 10. d3 Bg4 11. Nd2 Bxe2 12. Qxe2 O-O 13. Bb2 f5 14. O-O Nd7
15. Rae1 a6 16. a4 axb5 17. axb5 Ra2 18. Nb3 Bf6 19. Ra1 Rxa1 20. Bxa1 Re8 21.
Re1 b6 22. f3 Qc7 23. Bc3 Ra8 24. Qb2 Nf8 25. Ra1 Rxa1+ 26. Qxa1 Bg5 27. Kh1
Qf7 28. Nd2 h6 29. Nf1 Ng6 30. Qa6 e4 31. Qxb6 e3 32. Qxd6 e2 33. Ng3 Nf4 34.
Qe5 Nxd3 35. Qxe2 Nf4 36. Qe5 Bf6 37. Qb8+ Kh7 38. Qxf4 Bxc3 39. Qxf5+ 1-0

[Event "Olimpiada de Khanty-Mansiysk 2010"]
[Site "Khanty-Mansiysk RUS"]
[Date "2010.09.25"]
[Round "5"]
[White "Berg, Olaf"]
[Black "Kantinti, Shadrack"]
[Result "1-0"]
[WhiteElo "2274"]
[BlackElo "2158"]
[PlyCount "77"]
[EventDate "2010.09.21"]
[EventType "team"]
[EventRounds "11"]
[EventCountry "RUS"]
[Source "lmi"]
[SourceDate "2010.09.21"]
[WhiteTeam "Islas Faroe"]
[BlackTeam "Uganda"]
[WhiteTeamCountry "FAI"]
[BlackTeamCountry "UGA"]

1. e4 c5 2. Nc3 Nc6 3. g3 g6 4. Bg2 Bg7 5. Nge2 d6 6. d3 e5 7. Be3 Nge7 8. Qd2
Nd4 9. f4 Be6 10. Nd5 Bxd5 11. exd5 Nef5 12. Bf2 O-O 13. fxe5 Bh6 14. Qd1 Ne3
15. Bxe3 Bxe3 16. c3 Nf5 17. exd6 Qxd6 18. Be4 Nh6 19. Qb3 f5 20. Bf3 Nf7 21.
Rf1 Rfe8 22. Kd1 Re7 23. Kc2 Rae8 24. Rad1 Kg7 25. Kb1 Qa6 26. c4 Bg5 27. Nc3
Bf6 28. g4 Rb8 29. gxf5 gxf5 30. Bg2 Nd6 31. Bh3 b5 32. a4 b4 33. Rg1+ Kf7 34.
Nb5 Re2 35. d4 Rbe8 36. Qf3 R8e3 37. Qh5+ Ke7 38. Qxh7+ Kd8 39. Qc7+ 1-0

[Event "Olimpiada de Khanty-Mansiysk 2010"]
[Site "Khanty-Mansiysk RUS"]
[Date "2010.09.25"]
[Round "5"]
[White "Kawuma, Steven Male"]
[Black "Samuelsen, Carl Eli Nolso"]
[Result "1/2-1/2"]
[WhiteElo "2203"]
[BlackElo "2262"]
[PlyCount "36"]
[EventDate "2010.09.21"]
[EventType "team"]
[EventRounds "11"]
[EventCountry "RUS"]
[Source "lmi"]
[SourceDate "2010.09.21"]
[WhiteTeam "Uganda"]
[BlackTeam "Islas Faroe"]
[WhiteTeamCountry "UGA"]
[BlackTeamCountry "FAI"]

1. e4 c5 2. Nf3 e6 3. Nc3 a6 4. d4 cxd4 5. Nxd4 Qc7 6. Bd3 Nc6 7. Nxc6 dxc6 8.
O-O e5 9. f4 Bc5+ 10. Kh1 Nf6 11. f5 h5 12. Qf3 Ng4 13. Be2 Qe7 14. Qg3 Bd7 15.
Bxg4 hxg4 16. Qxg4 O-O-O 17. Bg5 f6 18. Bc1 g5 1/2-1/2

[Event "Olimpiada de Khanty-Mansiysk 2010"]
[Site "Khanty-Mansiysk RUS"]
[Date "2010.09.25"]
[Round "5"]
[White "Andreasen, Joan Hendrik"]
[Black "Bibasa, Bob"]
[Result "1-0"]
[WhiteElo "2217"]
[BlackElo "2189"]
[PlyCount "107"]
[EventDate "2010.09.21"]
[EventType "team"]
[EventRounds "11"]
[EventCountry "RUS"]
[Source "lmi"]
[SourceDate "2010.09.21"]
[WhiteTeam "Islas Faroe"]
[BlackTeam "Uganda"]
[WhiteTeamCountry "FAI"]
[BlackTeamCountry "UGA"]

1. d4 Nf6 2. c4 g6 3. Nc3 Bg7 4. e4 d6 5. Nf3 O-O 6. h3 e5 7. d5 Na6 8. Bg5 h6
9. Be3 b6 10. Be2 Nc5 11. Nd2 a5 12. g4 Nh7 13. h4 f5 14. h5 fxg4 15. hxg6 Ng5
16. Qc2 Qf6 17. O-O-O a4 18. Rdg1 Qxg6 19. Bxg4 a3 20. b4 Bxg4 21. Rxg4 Nd7 22.
Rhg1 Nf6 23. R4g2 Nfh7 24. Ne2 Rf6 25. Ng3 Raf8 26. Nf5 Rxf5 27. exf5 Rxf5 28.
Ne4 Bf8 29. Nxg5 hxg5 30. Bxg5 Kf7 31. Be3 Qh5 32. Qd1 Qxd1+ 33. Kxd1 Nf6 34.
Rg5 Rf3 35. R1g3 Rxg3 36. Rxg3 b5 37. cxb5 Nxd5 38. Bd2 Ke6 39. Rxa3 Be7 40.
Kc2 Nb6 41. Rc3 Kd7 42. Kb3 d5 43. a4 d4 44. Rh3 Kc8 45. a5 Nd5 46. Kc4 Nf6 47.
f3 Kb7 48. Bg5 Ng8 49. Bxe7 Nxe7 50. b6 Nf5 51. Rh7 Ne3+ 52. Kb5 Nd5 53. a6+
Kc8 54. b7+ 1-0

[Event "Olimpiada de Khanty-Mansiysk 2010"]
[Site "Khanty-Mansiysk RUS"]
[Date "2010.09.25"]
[Round "5"]
[White "Ahmed, Abdul Sattar abdul"]
[Black "Smith, Robert W"]
[Result "1/2-1/2"]
[WhiteElo "2342"]
[BlackElo "2282"]
[PlyCount "75"]
[EventDate "2010.09.21"]
[EventType "team"]
[EventRounds "11"]
[EventCountry "RUS"]
[Source "lmi"]
[SourceDate "2010.09.21"]
[WhiteTeam "Irak"]
[BlackTeam "Nueva Zelanda"]
[WhiteTeamCountry "IRQ"]
[BlackTeamCountry "NZL"]

1. e4 c5 2. Nf3 g6 3. d4 cxd4 4. Nxd4 Nc6 5. c4 Nf6 6. Nc3 d6 7. Be2 Nxd4 8.
Qxd4 Bg7 9. Be3 O-O 10. Qd2 Qa5 11. O-O Be6 12. f3 Rfc8 13. b3 a6 14. Na4 Qxd2
15. Bxd2 Nd7 16. Rac1 Bd4+ 17. Kh1 f5 18. Bg5 Kf7 19. Rcd1 Bg7 20. exf5 Bxf5
21. g4 Be6 22. f4 b5 23. f5 gxf5 24. cxb5 axb5 25. Bxb5 Ra5 26. Be2 Rc2 27. Rd2
Rxd2 28. Bxd2 Re5 29. Bf3 Nf6 30. gxf5 Rxf5 31. Kg2 Nd5 32. Be4 Rxf1 33. Kxf1
h5 34. Bf3 Kg6 35. Be4+ Kf7 36. Bf3 Kg6 37. Be4+ Kf7 38. Bf3 1/2-1/2

[Event "Olimpiada de Khanty-Mansiysk 2010"]
[Site "Khanty-Mansiysk RUS"]
[Date "2010.09.25"]
[Round "5"]
[White "Steadman, Michael"]
[Black "Al-Ali, Hussein Ali Husse"]
[Result "1/2-1/2"]
[WhiteElo "2309"]
[BlackElo "2364"]
[PlyCount "108"]
[EventDate "2010.09.21"]
[EventType "team"]
[EventRounds "11"]
[EventCountry "RUS"]
[Source "lmi"]
[SourceDate "2010.09.21"]
[WhiteTeam "Nueva Zelanda"]
[BlackTeam "Irak"]
[WhiteTeamCountry "NZL"]
[BlackTeamCountry "IRQ"]

1. d4 Nf6 2. c4 d6 3. Nc3 Nbd7 4. e4 e5 5. d5 Be7 6. g3 O-O 7. Bg2 a5 8. Be3
Nc5 9. h3 Ne8 10. Qd2 f5 11. Nge2 b6 12. b3 Nf6 13. f3 Bd7 14. O-O Qe8 15. exf5
Bxf5 16. g4 Bd7 17. Ng3 Qg6 18. Rfd1 Kh8 19. Rab1 Rg8 20. a3 h5 21. b4 Nb7 22.
Nge4 axb4 23. axb4 Nxe4 24. Nxe4 Ra3 25. Ra1 Rga8 26. Qb2 R3a4 27. Rxa4 Rxa4
28. Ra1 Rxa1+ 29. Qxa1 hxg4 30. hxg4 Qe8 31. Kf2 Kg8 32. Bf1 Nd8 33. Qa7 c6 34.
Bxb6 cxd5 35. cxd5 Nf7 36. Be3 Bh4+ 37. Kg2 Qc8 38. Kh3 Bd8 39. Bb5 Bxb5 40.
Qxf7+ Kxf7 41. Nxd6+ Ke7 42. Nxc8+ Kd7 43. Na7 Bc4 44. Kg3 Bxd5 45. Nb5 Be7 46.
Nc3 Bc4 47. Bc5 Bxc5 48. bxc5 Kc6 49. Ne4 Bd5 50. Kh4 Bxe4 51. fxe4 Kxc5 52.
Kg5 Kd4 53. Kf5 g6+ 54. Kxg6 Kxe4 1/2-1/2

[Event "Olimpiada de Khanty-Mansiysk 2010"]
[Site "Khanty-Mansiysk RUS"]
[Date "2010.09.25"]
[Round "5"]
[White "Al-Saffar, Araz Basim Moh"]
[Black "Croad, Nicolas"]
[Result "1-0"]
[WhiteElo "2348"]
[BlackElo "2297"]
[PlyCount "139"]
[EventDate "2010.09.21"]
[EventType "team"]
[EventRounds "11"]
[EventCountry "RUS"]
[Source "lmi"]
[SourceDate "2010.09.21"]
[WhiteTeam "Irak"]
[BlackTeam "Nueva Zelanda"]
[WhiteTeamCountry "IRQ"]
[BlackTeamCountry "NZL"]

1. d4 Nf6 2. c4 e6 3. Nf3 d5 4. Nc3 Be7 5. cxd5 exd5 6. Bg5 c6 7. Qc2 g6 8. e3
Bf5 9. Bd3 Bxd3 10. Qxd3 Nbd7 11. O-O O-O 12. Rfc1 Re8 13. Bxf6 Nxf6 14. Ne5
Nd7 15. Nxd7 Qxd7 16. Rab1 a5 17. Na4 Qc7 18. Qb3 Bd6 19. g3 h5 20. Nb6 Rab8
21. Nxd5 Qd8 22. Nb6 h4 23. Nc4 Bc7 24. f4 Qd5 25. Ne5 Qxb3 26. axb3 Bxe5 27.
dxe5 hxg3 28. hxg3 f6 29. Rc5 fxe5 30. fxe5 Re6 31. Rxa5 b6 32. Ra4 Rxe5 33.
Kf2 Rf8+ 34. Rf4 Rb5 35. Rc1 Rxf4+ 36. gxf4 Rxb3 37. Rxc6 Rxb2+ 38. Kf3 Kf7 39.
e4 Rb1 40. e5 b5 41. Rf6+ Kg7 42. Rb6 b4 43. Rb7+ Kf8 44. Kg4 Rg1+ 45. Kh3 Rh1+
46. Kg3 Re1 47. Kh4 Re4 48. Kg5 Ke8 49. Rg7 Re1 50. Rb7 Re4 51. Rb6 Ke7 52.
Rxg6 b3 53. Rb6 Re3 54. Kf5 Kd7 55. Kf6 Kc7 56. Rb4 Rh3 57. e6 Rh6+ 58. Kf7
Rh7+ 59. Kg6 Rh3 60. f5 Kd6 61. Rb6+ Kc5 62. Rb8 Kd6 63. Rd8+ Ke7 64. Rd7+ Ke8
65. Rb7 Kf8 66. f6 Rg3+ 67. Kh5 Kg8 68. Rb8+ Kh7 69. f7 b2 70. f8=Q 1-0

[Event "Olimpiada de Khanty-Mansiysk 2010"]
[Site "Khanty-Mansiysk RUS"]
[Date "2010.09.25"]
[Round "5"]
[White "Amonatov, Farrukh"]
[Black "Machin, Rivera Mark"]
[Result "1/2-1/2"]
[WhiteElo "2602"]
[BlackElo "2229"]
[PlyCount "104"]
[EventDate "2010.09.21"]
[EventType "team"]
[EventRounds "11"]
[EventCountry "RUS"]
[Source "lmi"]
[SourceDate "2010.09.21"]
[WhiteTeam "Tayikistán"]
[BlackTeam "Puerto Rico"]
[WhiteTeamCountry "TJK"]
[BlackTeamCountry "PUR"]

1. e4 g6 2. d4 Bg7 3. Nf3 d6 4. Bc4 Nf6 5. Qe2 O-O 6. e5 Ne8 7. h3 c5 8. dxc5
Nc6 9. O-O Nxe5 10. Nxe5 dxe5 11. Nc3 e6 12. Be3 Bd7 13. Rad1 Qe7 14. b4 Nc7
15. Rd6 Rfd8 16. Rfd1 Ne8 17. R6d3 Bc6 18. b5 e4 19. Rxd8 Rxd8 20. bxc6 Bxc3
21. Rxd8 Qxd8 22. cxb7 Be5 23. c6 Bb8 24. Qd2 Nd6 25. Bf4 Qe7 26. Qd4 f6 27.
Bxd6 Qxd6 28. Bxe6+ Kg7 29. Bd5 Qh2+ 30. Kf1 Qh1+ 31. Ke2 Qxg2 32. Bxe4 Qh2 33.
Bf3 Qe5+ 34. Qxe5 Bxe5 35. Kd3 Kf8 36. Kc4 Ke7 37. Kb5 Bb8 38. Ka6 Kd6 39. c4
Kc7 40. Be4 g5 41. Kb5 h5 42. a4 Kd8 43. Ka6 h4 44. a5 Kc7 45. Kb5 Kd6 46. Bf5
Kc7 47. Bg4 Kd6 48. Bf3 Kc7 49. Kc5 Kd8 50. Kd5 Be5 51. Ke6 Kc7 52. Be4 Kb8
1/2-1/2

[Event "Olimpiada de Khanty-Mansiysk 2010"]
[Site "Khanty-Mansiysk RUS"]
[Date "2010.09.25"]
[Round "5"]
[White "Vazquez, Reyes Raul"]
[Black "Nazarov, Anvar"]
[Result "1/2-1/2"]
[WhiteElo "2217"]
[BlackElo "2335"]
[PlyCount "48"]
[EventDate "2010.09.21"]
[EventType "team"]
[EventRounds "11"]
[EventCountry "RUS"]
[Source "lmi"]
[SourceDate "2010.09.21"]
[WhiteTeam "Puerto Rico"]
[BlackTeam "Tayikistán"]
[WhiteTeamCountry "PUR"]
[BlackTeamCountry "TJK"]

1. e4 c5 2. Nf3 e6 3. d4 cxd4 4. Nxd4 a6 5. Nc3 b5 6. g3 Bb7 7. Bg2 Ne7 8. O-O
Nec6 9. Nb3 d6 10. Re1 Nd7 11. f4 b4 12. Ne2 Be7 13. Be3 O-O 14. c3 a5 15. cxb4
axb4 16. Ned4 Nxd4 17. Qxd4 Ra4 18. a3 Nc5 19. Nxc5 dxc5 20. Qxd8 Rxd8 21. Rec1
Rc8 22. e5 Bxg2 23. Kxg2 c4 24. axb4 Rca8 1/2-1/2

[Event "Olimpiada de Khanty-Mansiysk 2010"]
[Site "Khanty-Mansiysk RUS"]
[Date "2010.09.25"]
[Round "5"]
[White "Almedina, Ortiz Edgardo J"]
[Black "Khouseinov, Rashid"]
[Result "1-0"]
[WhiteElo "2197"]
[BlackElo "2364"]
[PlyCount "97"]
[EventDate "2010.09.21"]
[EventType "team"]
[EventRounds "11"]
[EventCountry "RUS"]
[Source "lmi"]
[SourceDate "2010.09.21"]
[WhiteTeam "Puerto Rico"]
[BlackTeam "Tayikistán"]
[WhiteTeamCountry "PUR"]
[BlackTeamCountry "TJK"]

1. e4 e5 2. Nf3 Qe7 3. Nc3 c6 4. d4 d6 5. a4 g6 6. Be2 Nh6 7. O-O f6 8. h3 Nf7
9. Bc4 a5 10. Be3 Bg7 11. Qd2 O-O 12. Rad1 Kh8 13. dxe5 dxe5 14. Bxf7 Qxf7 15.
Qd6 Re8 16. Bb6 Be6 17. b3 Nd7 18. Be3 Rec8 19. Nd2 f5 20. Nf3 h6 21. Bc1 f4
22. Bb2 Kh7 23. Ne2 c5 24. c4 g5 25. g4 Ra6 26. Qd3 Qg6 27. Nc3 Nb8 28. Nd5 Nc6
29. Nd2 Bf8 30. f3 Qf7 31. Nb1 Nd4 32. Na3 Bd6 33. Nb5 Bb8 34. Kg2 Kg7 35. Rh1
h5 36. Rdg1 Rh8 37. Kf2 Kf8 38. Ba3 b6 39. Nxd4 exd4 40. Qxd4 Rh6 41. Nxb6 Ke8
42. Bxc5 Qc7 43. Nd5 Qb7 44. Qc3 Ba7 45. Bxa7 Qxa7+ 46. Kg2 Qc5 47. Qe5 Qa3 48.
Rf1 Qb2+ 49. Qxb2 1-0

[Event "Olimpiada de Khanty-Mansiysk 2010"]
[Site "Khanty-Mansiysk RUS"]
[Date "2010.09.25"]
[Round "5"]
[White "De La Riva Aguado, Oscar"]
[Black "Harper, Ryan"]
[Result "1-0"]
[WhiteElo "2521"]
[BlackElo "2233"]
[PlyCount "89"]
[EventDate "2010.09.21"]
[EventType "team"]
[EventRounds "11"]
[EventCountry "RUS"]
[Source "lmi"]
[SourceDate "2010.09.21"]
[WhiteTeam "Andorra"]
[BlackTeam "Trinidad y Tobago"]
[WhiteTeamCountry "AND"]
[BlackTeamCountry "TRI"]

1. e4 c5 2. Nf3 d6 3. c3 Nf6 4. Be2 Nbd7 5. d3 g6 6. O-O Bg7 7. Nbd2 O-O 8. Re1
Qc7 9. d4 e5 10. dxe5 dxe5 11. Bc4 Nb6 12. a4 Rd8 13. Qe2 Nh5 14. g3 Bg4 15. a5
Nxc4 16. Nxc4 h6 17. Ne3 Nf6 18. Nxg4 Nxg4 19. Nd2 Nf6 20. Nc4 Re8 21. Ne3 Rad8
22. f3 Qd7 23. c4 Nh7 24. Nd5 Nf8 25. Bxh6 Bxh6 26. Nf6+ Kg7 27. Nxd7 Rxd7 28.
Red1 Red8 29. Rxd7 Rxd7 30. Rd1 Be3+ 31. Kg2 Bd4 32. f4 exf4 33. gxf4 Re7 34.
h4 Ne6 35. Kg3 Bf6 36. e5 Nd4 37. exf6+ Kxf6 38. Qd3 Nf5+ 39. Kf2 Nd4 40. Re1
Rd7 41. Qe4 Ne6 42. Qe5+ Ke7 43. Qxc5+ Kf6 44. Qe5+ Ke7 45. h5 1-0

[Event "Olimpiada de Khanty-Mansiysk 2010"]
[Site "Khanty-Mansiysk RUS"]
[Date "2010.09.25"]
[Round "5"]
[White "Joseph, Marcus"]
[Black "Simonet, Marc"]
[Result "0-1"]
[WhiteElo "2146"]
[BlackElo "2277"]
[PlyCount "66"]
[EventDate "2010.09.21"]
[EventType "team"]
[EventRounds "11"]
[EventCountry "RUS"]
[Source "lmi"]
[SourceDate "2010.09.21"]
[WhiteTeam "Trinidad y Tobago"]
[BlackTeam "Andorra"]
[WhiteTeamCountry "TRI"]
[BlackTeamCountry "AND"]

1. e4 e6 2. d4 d5 3. Nc3 Bb4 4. e5 c5 5. a3 Bxc3+ 6. bxc3 Qc7 7. h4 cxd4 8.
cxd4 Qc3+ 9. Bd2 Qxd4 10. Nf3 Qe4+ 11. Be2 Nc6 12. O-O Nge7 13. Re1 h6 14. Rb1
O-O 15. Bd3 Qg4 16. Bb4 Re8 17. Rb3 Ng6 18. Bxg6 fxg6 19. Bd6 b6 20. Qd3 Bb7
21. g3 Rac8 22. c3 d4 23. Nh2 Qh3 24. Qf1 Qxf1+ 25. Nxf1 Na5 26. Rb4 dxc3 27.
Ne3 Ba6 28. Rc1 Bd3 29. Nd1 c2 30. Ne3 Rc3 31. Kg2 Rec8 32. Rd4 Nb3 33. Rxd3
Nxc1 0-1